Miasta Polski w podanym przedziale ludności - Statystyki

Ogólne statystyki
  • Ten quiz został rozwiązany 103 razy
  • Średni wynik to 9 z 10
Statystyki odpowiedzi
Przedział ludności Liczba miast w przedziale Miasta % Poprawnych
100 000 - 249 999 26 Częstochowa, Rzeszów, Zielona Góra... +23
100%
20 000 - 49 999 134 Skierniewice, Kołobrzeg, Sandomierz... +131
100%
>500 000 5 Warszawa, Kraków, Wrocław... +2
100%
250 000 - 499 999 6 Gdańsk, Bydgoszcz, Lublin... +3
99%
50 000 - 99 999 46 Grudziądz, Łomża, Ostrołęka... +43
99%
10 000 - 19 999 178 Łańcut, Nowy Tomyśl, Góra Kalwaria... +175
90%
5000 - 9999 187 Sławków, Dzierzgoń, Lesko... +184
86%
2000 - 3499 180 Dukla, Zwierzyniec, Rzgów... +177
73%
3500 - 4999 119 Zbąszynek, Ruciane-Nida, Nałęczów... +116
68%
<2000 139 Rajgród, Józefów nad Wisłą, Inowłódz... +136
62%
Nie znaleziono quizów pasujących do podanych kryteriów
Rozkład punktacji
Procent ludzi z każdym wynikiem
Percentyl według liczby udzielonych odpowiedzi
Twoja historia wyników
Nie rozwiązałeś tego quizu